[Event "GER-chT U14"]
[Site "Willingen"]
[Date "2022.08.15"]
[Round "6.10"]
[White "Tran, Anh Duc Kevin"]
[Black "Vesszoe, Aaron"]
[Result "1-0"]
[WhiteElo "1398"]
[BlackElo "1306"]
[PlyCount "65"]
[EventDate "2022.08.13"]
[EventType "team-swiss"]
[EventRounds "7"]
[EventCountry "GER"]
[SourceTitle "EXT 2023"]
[Source "ChessBase"]
[SourceDate "2022.10.05"]
[SourceVersion "1"]
[SourceVersionDate "2022.10.05"]
[SourceQuality "1"]
[WhiteTeam "Erfurt USV"]
[BlackTeam "Paderborn"]
[WhiteTeamCountry "GER"]
[BlackTeamCountry "GER"]

1. e4 e6 2. d4 d5 3. exd5 exd5 4. Nf3 Bd6 5. c4 c6 6. Nc3 Ne7 7. Bd3 0-0 8. 0-0 f6 9. Qc2 g6 10. Re1 Bf5 11. Bxf5 Nxf5 12. cxd5 cxd5 13. Qb3 Ne7 14. Qxb7 Nbc6 15. Qb3 Rb8 16. Qd1 Nf5 17. b3 Bb4 18. Bb2 Qa5 19. Qd2 Qb6 20. Rad1 Rfe8 21. Rxe8+ Rxe8 22. h3 Ncxd4 23. Nxd4 Nxd4 24. Qxd4 Re1+ 25. Kh2 Qxd4 26. Rxd4 Bd6+ 27. g3 Be5 28. Rxd5 Bxc3 29. Bxc3 Re2 30. Rd2 Rxd2 31. Bxd2 a6 32. b4 f5 33. a4 1-0

[Event "GER-chT U14"]
[Site "Willingen"]
[Date "2022.08.15"]
[Round "5.10"]
[White "Tran, Anh Duc Kevin"]
[Black "Yue, Qihang"]
[Result "0-1"]
[WhiteElo "1398"]
[BlackElo "1401"]
[PlyCount "96"]
[EventDate "2022.08.13"]
[EventType "team-swiss"]
[EventRounds "7"]
[EventCountry "GER"]
[SourceTitle "EXT 2023"]
[Source "ChessBase"]
[SourceDate "2022.10.05"]
[SourceVersion "1"]
[SourceVersionDate "2022.10.05"]
[SourceQuality "1"]
[WhiteTeam "Erfurt USV"]
[BlackTeam "Ingelheim"]
[WhiteTeamCountry "GER"]
[BlackTeamCountry "GER"]

1. e4 e5 2. Nf3 Nc6 3. Bc4 Bc5 4. Nc3 Nf6 5. d3 h6 6. Be3 Bb6 7. 0-0 d6 8. h3 Be6 9. Bb3 0-0 10. d4 exd4 11. Nxd4 Nxd4 12. Bxd4 Re8 13. Qd3 Bxd4 14. Qxd4 Qe7 15. Rae1 Bd7 16. f4 Be6 17. Nd5 Bxd5 18. exd5 Qxe1 19. Rxe1 Rxe1+ 20. Kh2 Re4 21. Qc3 Rc8 22. Qg3 a5 23. a4 Nd7 24. Qg4 Rd8 25. c4 Nc5 26. Qf5 Rxf4 27. Qxf4 Nxb3 28. Qe3 Nc5 29. Qe1 b6 30. b4 axb4 31. Qxb4 Ra8 32. Qb5 Kf8 33. Qc6 Ra7 34. g3 Ke7 35. Qb5 Rxa4 36. Kg2 Ra5 37. Qb2 Kf8 38. Kf3 Nd3 39. Qb3 Ne5+ 40. Ke4 Rc5 41. Kd4 Rxc4+ 42. Qxc4 Nxc4 43. Kxc4 Ke7 44. h4 h5 45. Kb5 Kd7 46. Kc4 c6 47. dxc6+ Kxc6 48. Kd4 b5 0-1

[Event "GER-chT U14"]
[Site "Willingen"]
[Date "2022.08.14"]
[Round "4.9"]
[White "Finck, Jonathan"]
[Black "Tran, Anh Duc Kevin"]
[Result "0-1"]
[WhiteElo "1424"]
[BlackElo "1398"]
[PlyCount "72"]
[EventDate "2022.08.13"]
[EventType "team-swiss"]
[EventRounds "7"]
[EventCountry "GER"]
[SourceTitle "EXT 2023"]
[Source "ChessBase"]
[SourceDate "2022.10.05"]
[SourceVersion "1"]
[SourceVersionDate "2022.10.05"]
[SourceQuality "1"]
[WhiteTeam "Chemnitz USG"]
[BlackTeam "Erfurt USV"]
[WhiteTeamCountry "GER"]
[BlackTeamCountry "GER"]

1. e4 c6 2. d4 d5 3. exd5 cxd5 4. Nf3 Nc6 5. c4 dxc4 6. Bxc4 e6 7. Nc3 Nf6 8. Bg5 h6 9. Bh4 Be7 10. 0-0 0-0 11. Re1 b6 12. a3 Bb7 13. Qb3 Nxd4 14. Nxd4 Qxd4 15. Bg3 Rac8 16. Bxe6 fxe6 17. Qxe6+ Rf7 18. Rad1 Qc4 19. Qe5 Qc6 20. f3 Re8 21. Bf2 Ng4 22. Qg3 Nxf2 23. Kxf2 Bc5+ 24. Kf1 Ba6+ 25. Ne2 Bxe2+ 26. Rxe2 Qb5 27. Rde1 Rfe7 28. a4 Qa6 29. b4 Rxe2 30. b5 Rxe1+ 31. Qxe1 Rxe1+ 32. Kxe1 Qxa4 33. g4 Qc2 34. g5 Be3 35. gxh6 Qf2+ 36. Kd1 Qd2# 0-1

[Event "GER-chT U12"]
[Site "Magdeburg"]
[Date "2021.08.05"]
[Round "2.3"]
[White "Tran, Anh Duc Kevin"]
[Black "Schambier, Leon Elias"]
[Result "1/2-1/2"]
[WhiteElo "1338"]
[BlackElo "1178"]
[PlyCount "51"]
[EventDate "2021.08.04"]
[EventType "team-swiss"]
[EventRounds "7"]
[EventCountry "GER"]
[SourceTitle "EXT 2022"]
[Source "ChessBase"]
[SourceDate "2021.10.06"]
[SourceVersion "1"]
[SourceVersionDate "2021.10.06"]
[SourceQuality "1"]
[WhiteTeam "Erfurt USV"]
[BlackTeam "Stassfurt Einheit"]
[WhiteTeamCountry "GER"]
[BlackTeamCountry "GER"]

1. e4 e5 2. Nf3 Nc6 3. Bc4 Nf6 4. Nc3 Bc5 5. d3 h6 6. 0-0 d6 7. Be3 Bb6 8. h3 Be6 9. Bb3 Qd7 10. Bxe6 Qxe6 11. Bxb6 axb6 12. Re1 0-0 13. a3 Rfd8 14. d4 d5 15. exd5 Nxd5 16. Nxe5 Nf6 17. Nxc6 Qxc6 18. a4 Ra5 19. Nb5 Rda8 20. b3 Qd7 21. c3 c6 22. Na3 b5 23. Nb1 bxa4 24. bxa4 c5 25. dxc5 Qxd1 26. Rxd1 1/2-1/2